000 00563nam a2200193Ia 4500
005 20250326143303.0
008 250326s9999 xx 000 0 und d
020 _a0-671-03413-8
037 _aTextbook
040 _aFMSL
_beng
_cFMSL
041 _aeng
_2eng
084 _aD658(2:55) N9
_qFMSL
100 _aBick Julie
_9747766
245 0 _aMicrosoft edge: Insider strategies for building success
_cBick Julie
260 _aNew York
_bNew York, Pocket
_c1999
300 _axii,172
942 _cTB
_hD658(2:55) N9
999 _c1298920
_d1298920